005340000a2200157000450024501340000050000290013465000180016365000150018165100110019665300310020704100130023870000290025170000270028010000280030777300410033510aUsing shannon entropy on measuring the individual variability in the rufous-bellied thrush Turdus rufiventris vocal communication a14aBioacústica14aEtología 4pBrasil gTurduseTurdus rufiventris0 aInglés1 aPiqueira, José Roberto1 aVielliards, Jacques M.1 aDa Silva, María Luisa1 tJ. Theoret. Biol.q57-64d2000g2007